| 000 | 00000nam##2200000za#4500 |
| 001 | 9.640530 |
| 003 | CaOODSP |
| 005 | 20210624222721 |
| 007 | cr ||||||||||| |
| 008 | 150407|1997||||xxc|||||o f|0| 0 fre|d |
| 040 | |aCaOODSP|bfre |
| 043 | |an-cn--- |
| 086 | 1 |aF2-115/1997F-PDF |
| 110 | 1 |aCanada. |bMinistère des finances. |
| 245 | 10|aRévision de la Loi sur l'accise : |h[ressource électronique]|bproposition de révision du régime de taxation des produits du tabac et de l'alcool |
| 260 | |aOttawa - Ontario : |bFinances Canada |cFévrier 1997. |
| 300 | |a123p. |
| 520 | 3 |a« Le présent document présente une proposition élaborée de révision du régime fédéral de taxation des produits du tabac et de l'alcool. Ce régime révisé repose à la fois sur un nouveau cadre législatif et sur une fonction d'administration moderne, pour l'application des prélèvements fédéraux de l'accise » --Introduction, p.9. |
| 590 | |a12-32-Supp|b2012-07-11 |
| 691 | 07|aPolitique fiscale|2gcpds |
| 691 | 07|aTaxe d'accise|2gcpds |
| 775 | 08|tExcise Act review : |w(CaOODSP)9.696413 |
| 776 | 0#|tRévision de la Loi sur l'accise : |w(CaOODSP)9.680022 |
| 856 | 40|ahttp://publications.gc.ca|qPDF|s295 Ko|uhttps://publications.gc.ca/collections/Collection/F2-115-1997F.pdf |